| 000 | 00634nam a22001817a 4500 | ||
|---|---|---|---|
| 003 | OSt | ||
| 005 | 20131113124201.0 | ||
| 008 | 130618s2013 sp ||||| |||||||| 0 cat d | ||
| 040 | _cCDMR | ||
| 110 | 2 |
_93800 _aMesa Sectorial dels Mitjans de Comunicació de Catalunya |
|
| 245 | 1 | 0 |
_aPropostes d'actuació davant la crisi del sector de la comunicació _cMesa sectorial dels mitjans de comunicació de Catalunya |
| 260 |
_aBarcelona _c2013 |
||
| 300 | _a44 p. | ||
| 650 | 0 | 4 |
_91448 _aMitjans de comunicació de massa _zCatalunya |
| 650 | 0 | 4 |
_92400 _aPeriodistes _zCatalunya |
| 650 | 0 | 4 |
_94342 _aMercat de treball _zCatalunya |
| 942 |
_2udc _cMON |
||
| 999 |
_c6468 _d6468 |
||